01354naa a22003377a 4500001001000000003000900010005001700019007000300036008003400039040005400073041000900127072002000136090001800156100002100174245010300195246009100298246004000389500010000429773009900529650000900628650001000637650001400647650001900661650001900680650002100699490008600720942001500806909004000821999001900861952013600880BR8600884BR-BrBNA20250721154501.0ta250630b bl.|||m| |||| 00| 0 por d aBR-BrBNAbporcBiblioteca Nacional de Agricultura a(Pt) aH60b0336b3876 aH60 BR86008841 aGazziero, D.L.P.1 aEfeitos de herbicidas pre e pos-emergentes no controle de capim marmelada (Brachiaria plantaginea)1 a[Effects of pre and post-emergent herbicides on the control of Brachiaria plantaginea]1 a[Soybean research findings 1984/85] aResultados de pesquisa de soja 1984/85 Londrina, PR (Brasil): 1985. p. 332-333 (BR8600884-AMS) 0 tResultados de pesquisa de soja 1984/85wH60 BR8600884gLondrina, PR (Brasil), 1985. p. 332-333 aSOJA aPAPUA aHERBICIDA aPRE-EMERGENCIA aPOS-EMERGENCIA aCONTROLE QUIMICO aDocumentos - Centro Nacional de Pesquisa de Soja (Brazil)vno. 15xISSN 0101-5494 cAMS2AGRIS a202506bLúciac55dLúcia Elande c335099d335099 002AGRIS40708AGROBASEa41918b41918l0o0336 BR9602654r2025-06-30t01yAMS10d2025-06-30ePortaria Interministerial nº 164/94